[Event "Leutersdorf Sparkasse op 15th"]
[Site "Leutersdorf"]
[Date "2011.02.20"]
[Round "5"]
[White "Ploss, Julius"]
[Black "Franke, Daniel"]
[Result "1-0"]
[WhiteElo "1115"]
[BlackElo "991"]
[PlyCount "105"]
[EventDate "2011.02.18"]
[EventType "swiss"]
[EventRounds "7"]
[EventCountry "GER"]
[SourceTitle "CBM 141 Extra"]
[Source "ChessBase"]
[SourceDate "2011.05.03"]
[SourceVersion "1"]
[SourceVersionDate "2011.05.03"]
[SourceQuality "1"]

1. e4 g6 2. d4 Bg7 3. Nf3 d6 4. Bf4 Nf6 5. Nc3 0-0 6. Qd2 c5 7. d5 Bd7 8. 0-0-0 a6 9. Bh6 b5 10. Bxg7 Kxg7 11. h4 b4 12. Ne2 h5 13. Qe3 a5 14. Nd2 Re8 15. f4 a4 16. Ng3 a3 17. b3 Ng4 18. Qf3 Rf8 19. f5 Ne5 20. Qf4 Kh7 21. Nf3 Nxf3 22. Qxf3 Na6 23. Bd3 Nc7 24. e5 Qe8 25. e6 fxe6 26. dxe6 Bxe6 27. fxg6+ Kg7 28. Nxh5+ Kg8 29. Qe3 Bf5 30. Qh6 Qxg6 31. Qxg6+ Bxg6 32. Bxg6 Rf2 33. g4 Rg2 34. Be4 Rxg4 35. Rhg1 Rxg1 36. Rxg1+ Kf7 37. Bxa8 Nxa8 38. Nf4 e5 39. Ne2 Nc7 40. h5 Ne6 41. h6 Nf8 42. Rg7+ Kf6 43. Ng3 Ke6 44. h7 Nxh7 45. Rxh7 Kd5 46. Rh6 e4 47. Rh5+ Kd4 48. Rh4 d5 49. Ne2+ Ke3 50. Nf4 Kd4 51. Ne6+ Kc3 52. Nxc5 d4 53. Nxe4# 1-0